| 000 | 00553nam a2200181Ia 4500 | ||
|---|---|---|---|
| 008 | 151202s9999||||xx |||||||||||||| ||und|| | ||
| 082 | _bPNVM-13138 | ||
| 100 | _aकाणेकर अनंत. | ||
| 245 | _aरूपेरी वाळू. | ||
| 260 | _b"रा.ज.देशमुख,पुणे." | ||
| 260 | _c0 | ||
| 300 | _a64 | ||
| 600 | _aकाणेकर अनंत. | ||
| 630 | _aरूपेरी वाळू. | ||
| 700 | _aकाणेकर अनंत. | ||
| 730 | _aरूपेरी वाळू. | ||
| 942 | _cBOOK | ||
| 999 |
_c1279125 _d1279122 |
||